Los 10 países con mayor índice de homicidios - Estadísticas

Estadísticas generales
  • Esta prueba ha sido intentada 278 veces
  • La puntuación promedio es 9 de 14
Estadísticas de respuestas
* Tasa de homicidios Hint Pais % Correcto
25.50 América Colombia
93%
56.33 América Venezuela
90%
82.84 América El Salvador
88%
56.52 América Honduras
88%
29.53 América Brasil
87%
27.26 América Guatemala
82%
47.01 América Jamaica
65%
37.60 América Belice
61%
30.88 América Trinidad y Tobago
52%
33.97 África Sudáfrica
48%
28.40 América Bahamas
45%
34.23 América San Cristóbal y Nieves
40%
36.46 América San Vicente y las Granadinas
40%
41.25 África Lesoto
10%
No se encontraron pruebas coincidentes
Distribución de puntuación
Porcentaje de gente con cada puntuación
Porcentaje por número respondido
Historial de tus puntuaciones
No has intentado esta prueba.